[Event "Marburg op-A"]
[Site "Marburg"]
[Date "2023.10.29"]
[Round "6"]
[White "Kuhn, Gerhard"]
[Black "Rieseler, Caroline"]
[Result "1-0"]
[WhiteElo "1959"]
[BlackElo "2107"]
[PlyCount "93"]
[EventDate "2023.10.26"]
[EventType "swiss"]
[EventRounds "7"]
[EventCountry "GER"]
[SourceTitle "CB49_2023"]
[SourceDate "2023.12.06"]
[SourceVersion "1"]
[SourceVersionDate "2023.12.06"]
[SourceQuality "1"]

1. e4 c5 2. c3 Nf6 3. e5 Nd5 4. d4 cxd4 5. cxd4 d6 6. Nf3 Nc6 7. Bc4 Nb6 8. Bb3 dxe5 9. d5 Na5 10. Nc3 f6 11. 0-0 g6 12. Be3 Bf5 13. Nh4 Bd7 14. Re1 Nxb3 15. Qxb3 Bg7 16. Rad1 Nc8 17. Qxb7 Nd6 18. Qa6 Kf7 19. Bc5 Qc8 20. Qa3 Nc4 21. Qb4 Nxb2 22. Qxb2 Qxc5 23. Ne4 Qb6 24. Qa3 Rhb8 25. d6 Qb4 26. Qf3 a5 27. dxe7 Kxe7 28. Qd3 Bb5 29. Qd5 Rd8 30. Qb7+ Bd7 31. Qc7 Rac8 32. Qa7 Ra8 33. Qc7 Rac8 34. Qa7 Kf8 35. Rb1 Qe7 36. Nf3 Ra8 37. Qe3 Bf5 38. Rbc1 Rac8 39. Rcd1 Kg8 40. Ng3 Be6 41. Qb6 Rxd1 42. Rxd1 a4 43. Qa5 a3 44. Qa6 Kf7 45. Ne4 Bf8 46. h4 Bc4 47. Qxc8 1-0

[Event "Eschborn op"]
[Site "Eschborn"]
[Date "2019.08.17"]
[Round "2.6"]
[White "Rieseler, Caroline"]
[Black "Gutacker, Stephan"]
[Result "1-0"]
[WhiteElo "2052"]
[BlackElo "1809"]
[PlyCount "95"]
[EventDate "2019.08.16"]
[EventType "swiss"]
[EventRounds "5"]
[EventCountry "GER"]
[SourceTitle "EXT 2024"]
[Source "ChessBase"]
[SourceDate "2023.10.10"]
[SourceVersion "1"]
[SourceVersionDate "2023.10.10"]
[SourceQuality "1"]

1. e4 e5 2. Nf3 Nc6 3. Bb5 Bc5 4. 0-0 Nf6 5. d3 d6 6. c3 0-0 7. Nbd2 a6 8. Ba4 b5 9. Bc2 Bg4 10. Re1 Bh5 11. Nf1 d5 12. Ng3 dxe4 13. dxe4 Qxd1 14. Bxd1 Bg6 15. h3 b4 16. Ba4 Ne7 17. Nxe5 bxc3 18. bxc3 Rfd8 19. Be3 Bxe3 20. Rxe3 Rd2 21. Nc4 Rdd8 22. f4 h6 23. Ne5 Ne8 24. f5 Bh7 25. Bb3 Nd6 26. Rd1 Kf8 27. Red3 f6 28. Nc4 Nf7 29. Rd7 Rxd7 30. Rxd7 Rc8 31. Ne2 Ne5 32. Nxe5 fxe5 33. Be6 Rb8 34. Rxc7 Bg8 35. Bxg8 Nxg8 36. Rc5 Rb2 37. Kf2 Rxa2 38. Rxe5 Nf6 39. Ke3 Nd7 40. Rd5 Ke7 41. Nf4 Nb6 42. Ng6+ Kf7 43. Ne5+ Ke7 44. Ra5 Rxg2 45. Rxa6 Nc8 46. Re6+ Kf8 47. Ng6+ Kf7 48. Rc6 1-0

[Event "GER-chT Federal Cup (Women)"]
[Site "Braunfels"]
[Date "2019.06.22"]
[Round "4.42"]
[White "Rieseler, Caroline"]
[Black "Krausse, Vanessa"]
[Result "1-0"]
[WhiteElo "2111"]
[BlackElo "1645"]
[PlyCount "56"]
[EventDate "2019.06.20"]
[EventType "team-swiss"]
[EventRounds "5"]
[EventCountry "GER"]
[SourceTitle "CBM 191 Extra"]
[Source "ChessBase"]
[SourceDate "2019.09.30"]
[SourceVersion "1"]
[SourceVersionDate "2019.09.30"]
[SourceQuality "1"]

1. e4 c5 2. Nf3 Nc6 3. d4 cxd4 4. Nxd4 d6 5. Nc3 Nf6 6. Be2 g6 7. 0-0 Bg7 8. Nb3 0-0 9. Bg5 a6 10. f4 Bd7 11. Bf3 Rc8 12. Kh1 b5 13. Qe1 b4 14. Nd5 a5 15. c3 e6 16. Ne3 bxc3 17. bxc3 Ne7 18. Qh4 a4 19. Nd2 Rxc3 20. Rae1 Qb6 21. Ndc4 Qd4 22. Rd1 Rd3 23. Rxd3 Qxd3 24. Bxf6 Bxf6 25. Qxf6 Rb8 26. Qa1 Bb5 27. Rd1 Bxc4 28. Rxd3 Bxd3 1-0

[Event "GER-chT Federal Cup (Women)"]
[Site "Braunfels"]
[Date "2019.06.21"]
[Round "2.10"]
[White "Rieseler, Caroline"]
[Black "Arnhold, Steffi"]
[Result "0-1"]
[WhiteElo "2111"]
[BlackElo "1996"]
[PlyCount "92"]
[EventDate "2019.06.20"]
[EventType "team-swiss"]
[EventRounds "5"]
[EventCountry "GER"]
[SourceTitle "CBM 191 Extra"]
[Source "ChessBase"]
[SourceDate "2019.09.30"]
[SourceVersion "1"]
[SourceVersionDate "2019.09.30"]
[SourceQuality "1"]

1. e4 c5 2. Nf3 e6 3. d4 cxd4 4. Nxd4 a6 5. Nc3 Qc7 6. Bd3 Nf6 7. Qe2 d6 8. 0-0 Nc6 9. Nxc6 bxc6 10. b3 Be7 11. Bb2 e5 12. Na4 0-0 13. c4 Nd7 14. Rac1 Bg5 15. Rcd1 Bb7 16. Qg4 Bh6 17. Bb1 Rfe8 18. Rd3 Nf6 19. Qh4 d5 20. exd5 cxd5 21. Rg3 Kh8 22. f4 Ne4 23. Bxe4 dxe4 24. Qh5 Rad8 25. fxe5 Re6 26. Qxf7 Qxf7 27. Rxf7 e3 28. Nc3 Be4 29. Nd5 Bg6 30. Rc7 e2 31. Kf2 Bh5 32. Rf3 Bxf3 33. gxf3 Rg6 34. Bc3 Rf8 35. f4 Bxf4 36. Nxf4 Rxf4+ 37. Kxe2 h5 38. Ke3 Rh4 39. Rf7 Rxh2 40. Rf3 h4 41. Kf4 Rxa2 42. Kf5 Rg3 43. Rf4 Rxc3 44. Kg6 Kg8 45. e6 Re2 46. Kf5 Rce3 0-1

[Event "GER-chT Federal Cup (Women)"]
[Site "Braunfels"]
[Date "2018.06.03"]
[Round "5.1"]
[White "Heinemann, Josefine"]
[Black "Rieseler, Caroline"]
[Result "0-1"]
[WhiteElo "2235"]
[BlackElo "2105"]
[PlyCount "66"]
[EventDate "2018.05.31"]
[EventType "team-swiss"]
[EventRounds "5"]
[EventCountry "GER"]
[SourceTitle "EXT 2020"]
[Source "ChessBase"]
[SourceDate "2019.10.17"]
[SourceVersion "1"]
[SourceVersionDate "2019.10.17"]
[SourceQuality "1"]
[WhiteTeam "Baden (W)"]
[BlackTeam "Hessen (W)"]
[WhiteTeamCountry "GER"]
[BlackTeamCountry "GER"]

1. e4 c5 2. Nf3 Nc6 3. d4 cxd4 4. Nxd4 Nf6 5. Nc3 e5 6. Ndb5 d6 7. Bg5 a6 8. Na3 b5 9. Bxf6 gxf6 10. Nd5 Bg7 11. Bd3 Ne7 12. Nxe7 Qxe7 13. 0-0 0-0 14. Qh5 f5 15. exf5 e4 16. Rae1 Bb7 17. c3 b4 18. cxb4 d5 19. Re3 Qf6 20. Bb1 Rad8 21. b3 Rfe8 22. Nc2 d4 23. Rg3 Rd5 24. Qg4 Bc8 25. Rd1 Bxf5 26. Qxg7+ Qxg7 27. Rxg7+ Kxg7 28. Rxd4 Rxd4 29. Nxd4 Bg6 30. Ne2 Rd8 31. Nc3 e3 32. Bxg6 e2 33. Nxe2 Rd1# 0-1

[Event "BL2 Sued 1415 (Women)"]
[Site "Germany"]
[Date "2015.03.29"]
[Round "7.3"]
[White "Rieseler, Caroline"]
[Black "Klotz, Sonja"]
[Result "1-0"]
[WhiteElo "2099"]
[BlackElo "2047"]
[PlyCount "131"]
[EventDate "2014.09.27"]
[EventType "team-tourn"]
[EventRounds "7"]
[EventCountry "GER"]
[SourceTitle "CBM 166 Extra"]
[Source "ChessBase"]
[SourceDate "2015.06.18"]
[SourceVersion "1"]
[SourceVersionDate "2015.06.18"]
[SourceQuality "1"]
[WhiteTeam "Hofheim (W)"]
[BlackTeam "Stuttgart Wolfbusch (W)"]
[WhiteTeamCountry "GER"]
[BlackTeamCountry "GER"]

1. e4 c5 2. Nf3 Nc6 3. d4 cxd4 4. Nxd4 Nf6 5. Nc3 d6 6. Bg5 e6 7. Qd2 Be7 8. 0-0-0 Nxd4 9. Qxd4 0-0 10. e5 dxe5 11. Qxe5 Nd7 12. Bxe7 Qxe7 13. Qc7 e5 14. Kb1 Qd8 15. Qxd8 Rxd8 16. Be2 Rf8 17. Rd6 Nc5 18. Rd5 b6 19. Rxe5 Bb7 20. f3 Rfe8 21. Rxe8+ Rxe8 22. Rd1 g6 23. Bc4 Re7 24. b4 Na6 25. a3 Kg7 26. Kb2 Rc7 27. Rd4 Re7 28. Nb5 Bc6 29. Rd8 Bxb5 30. Bxb5 Nc7 31. Bc4 Kf6 32. Rd6+ Kg7 33. a4 Ne8 34. Rd8 Nf6 35. Kc3 Rc7 36. Kb3 Nd7 37. f4 h5 38. g3 Nf6 39. h3 Ne4 40. g4 hxg4 41. hxg4 Kf6 42. Rd4 Re7 43. Bd3 Nf2 44. g5+ Kg7 45. Kc4 Rc7+ 46. Kb5 Nxd3 47. cxd3 f6 48. Re4 Rd7 49. Kc6 Rxd3 50. Re7+ Kf8 51. Rxa7 Rd4 52. b5 Rxf4 53. Kxb6 fxg5 54. a5 g4 55. Rc7 Rf6+ 56. Kb7 Rf5 57. Ka6 g3 58. Rc3 Rg5 59. Rc1 g2 60. Rg1 Ke7 61. b6 Rg3 62. b7 Rb3 63. Ka7 Rb5 64. b8Q Rxa5+ 65. Kb6 Ra2 66. Qe5+ 1-0

[Event "BL2 Sued 1415 (Women)"]
[Site "Germany"]
[Date "2014.09.27"]
[Round "1.3"]
[White "Mueller, Manon"]
[Black "Rieseler, Caroline"]
[Result "1/2-1/2"]
[WhiteElo "1860"]
[BlackElo "2099"]
[PlyCount "67"]
[EventDate "2014.09.27"]
[EventType "team-tourn"]
[EventRounds "7"]
[EventCountry "GER"]
[SourceTitle "CBM 166 Extra"]
[Source "ChessBase"]
[SourceDate "2015.06.18"]
[SourceVersion "1"]
[SourceVersionDate "2015.06.18"]
[SourceQuality "1"]
[WhiteTeam "Gernsheim (W)"]
[BlackTeam "Hofheim (W)"]
[WhiteTeamCountry "GER"]
[BlackTeamCountry "GER"]

1. d4 Nf6 2. Bg5 e6 3. e4 h6 4. Bxf6 Qxf6 5. Nc3 g5 6. Bc4 Bg7 7. Nge2 Nc6 8. e5 Qe7 9. Qd2 d6 10. exd6 cxd6 11. 0-0-0 d5 12. Bb3 Bd7 13. f4 0-0-0 14. Kb1 f5 15. Rhe1 Qf6 16. g3 Be8 17. Ba4 a6 18. Bxc6 Bxc6 19. Nc1 Rd6 20. Nb3 b6 21. Qe2 Kb7 22. a4 Rc8 23. a5 Bd7 24. Qd2 Rc4 25. Re5 Qf8 26. Re3 Qc8 27. axb6 Rxb6 28. Na5+ Ka7 29. Nxc4 Qxc4 30. b3 Rb4 31. Na2 Qxd4 32. Qxd4+ Rxd4 33. Rxd4 Bxd4 34. Re1 1/2-1/2

[Event "GER-chT Federal Cup (Women)"]
[Site "Braunfels"]
[Date "2014.06.21"]
[Round "4.2"]
[White "Rieseler, Caroline"]
[Black "Skibbe, Diana"]
[Result "1-0"]
[WhiteElo "1982"]
[BlackElo "1964"]
[PlyCount "77"]
[EventDate "2014.06.19"]
[EventType "team-swiss"]
[EventRounds "5"]
[EventCountry "GER"]
[SourceTitle "EXT 2015"]
[Source "ChessBase"]
[SourceDate "2014.11.20"]
[SourceVersion "1"]
[SourceVersionDate "2014.11.20"]
[SourceQuality "1"]
[WhiteTeam "Hessen (W)"]
[BlackTeam "Thueringen (W)"]
[WhiteTeamCountry "GER"]
[BlackTeamCountry "GER"]

1. e4 e5 2. Nf3 Nc6 3. Bb5 a6 4. Ba4 Nf6 5. d3 b5 6. Bb3 Bc5 7. 0-0 d6 8. c3 Bb6 9. Nbd2 0-0 10. Re1 Ne7 11. Nf1 Ng6 12. Ng3 Ng4 13. d4 Be6 14. h3 Nf6 15. Nf5 Nxe4 16. Nxg7 d5 17. Bh6 Nxf2 18. Kxf2 e4 19. Nh5 exf3 20. Qxf3 c5 21. Rad1 cxd4 22. cxd4 Qh4+ 23. Kf1 Bxd4 24. Rxd4 Qxd4 25. Bg7 Qh4 26. Bf6 Qb4 27. Bc3 Qh4 28. Qf6 Qxf6+ 29. Nxf6+ Kg7 30. Ng4+ f6 31. Rxe6 Ne5 32. Re7+ Rf7 33. Rxf7+ Nxf7 34. Bxd5 Rc8 35. Bxf6+ Kf8 36. Bc3 Nd6 37. Nf6 Kg7 38. Nh5+ Kg6 39. Nf4+ 1-0

[Event "GER-chT Federal Cup (Women)"]
[Site "Braunfels"]
[Date "2014.06.20"]
[Round "3.2"]
[White "Rempel, Yana"]
[Black "Rieseler, Caroline"]
[Result "1/2-1/2"]
[WhiteElo "1976"]
[BlackElo "1982"]
[PlyCount "81"]
[EventDate "2014.06.19"]
[EventType "team-swiss"]
[EventRounds "5"]
[EventCountry "GER"]
[SourceTitle "EXT 2015"]
[Source "ChessBase"]
[SourceDate "2014.11.20"]
[SourceVersion "1"]
[SourceVersionDate "2014.11.20"]
[SourceQuality "1"]
[WhiteTeam "Wuerttemberg (W)"]
[BlackTeam "Hessen (W)"]
[WhiteTeamCountry "GER"]
[BlackTeamCountry "GER"]

1. e4 c5 2. c3 Nf6 3. e5 Nd5 4. Nf3 d6 5. d4 cxd4 6. cxd4 Nc6 7. Bc4 Nb6 8. Bb3 dxe5 9. Nxe5 Nxe5 10. dxe5 Qxd1+ 11. Bxd1 e6 12. 0-0 Bd7 13. Bf3 Bc6 14. Bxc6+ bxc6 15. Nd2 0-0-0 16. Ne4 Be7 17. Bg5 Bxg5 18. Nxg5 Rd7 19. Rac1 Kc7 20. f4 h6 21. Ne4 Rhd8 22. Nd6 Nc8 23. Nxc8 Rxc8 24. Rc2 Rcd8 25. g3 Rd1 26. Rxd1 Rxd1+ 27. Kf2 Ra1 28. a3 Rd1 29. Ke2 Rd5 30. Ke3 a5 31. Ke4 Rd1 32. g4 g6 33. h3 Rh1 34. Rc3 Rh2 35. b3 Ra2 36. a4 Rd2 37. Ke3 Rh2 38. Kd4 Rd2+ 39. Ke3 Rh2 40. Kd4 Rd2+ 41. Ke3 1/2-1/2

[Event "BL2 Sued 1314 (Women)"]
[Site "Germany"]
[Date "2014.02.16"]
[Round "5.1"]
[White "Rieseler, Caroline"]
[Black "Mueller, Claudia"]
[Result "1/2-1/2"]
[WhiteElo "2086"]
[BlackElo "1987"]
[PlyCount "55"]
[EventDate "2013.11.30"]
[EventType "team-tourn"]
[EventRounds "7"]
[EventCountry "GER"]
[SourceTitle "EXT 2018"]
[Source "ChessBase"]
[SourceDate "2017.10.13"]
[SourceVersion "1"]
[SourceVersionDate "2017.10.13"]
[SourceQuality "1"]
[WhiteTeam "Hofheim (W)"]
[BlackTeam "Mutterstadt (W)"]
[WhiteTeamCountry "GER"]
[BlackTeamCountry "GER"]

1. e4 c6 2. d4 d5 3. exd5 cxd5 4. c4 Nf6 5. Nc3 Nc6 6. Nf3 dxc4 7. Bxc4 e6 8. 0-0 Be7 9. Re1 0-0 10. a4 b6 11. Qd3 Na5 12. Ba2 Bb7 13. b4 Nc6 14. Bd2 Rc8 15. Rad1 Nb8 16. Bf4 Nd5 17. Bb1 g6 18. Nxd5 Bxd5 19. Ne5 Bg5 20. Qg3 Bxf4 21. Qxf4 Nd7 22. Ng4 e5 23. Nxe5 Nxe5 24. dxe5 Rc4 25. Qd2 Qc7 26. Re3 Rc8 27. f3 Rc1 28. Kf2 1/2-1/2

[Event "BL2 Sued 1314 (Women)"]
[Site "Germany"]
[Date "2014.01.26"]
[Round "3.1"]
[White "Czech, Daiva"]
[Black "Rieseler, Caroline"]
[Result "1-0"]
[WhiteElo "2113"]
[BlackElo "2086"]
[PlyCount "75"]
[EventDate "2013.11.30"]
[EventType "team-tourn"]
[EventRounds "7"]
[EventCountry "GER"]
[SourceTitle "EXT 2018"]
[Source "ChessBase"]
[SourceDate "2017.10.13"]
[SourceVersion "1"]
[SourceVersionDate "2017.10.13"]
[SourceQuality "1"]
[WhiteTeam "Wadgassen/Differten (W)"]
[BlackTeam "Hofheim (W)"]
[WhiteTeamCountry "GER"]
[BlackTeamCountry "GER"]

1. e4 c5 2. Nf3 Nc6 3. d4 cxd4 4. Nxd4 Nf6 5. Nc3 e5 6. Ndb5 d6 7. Bg5 a6 8. Na3 b5 9. Nd5 Be7 10. Bxf6 Bxf6 11. c3 0-0 12. Nc2 Bg5 13. Be2 Be6 14. Nce3 Ne7 15. 0-0 g6 16. Bg4 f5 17. Nxe7+ Bxe7 18. Bh3 Qd7 19. Nd5 Bd8 20. Qd3 Rc8 21. Rad1 Rc5 22. Ne3 Be7 23. Rfe1 Rf7 24. a3 Rc8 25. Nd5 Bd8 26. f4 Qa7+ 27. Kh1 fxe4 28. Qxe4 Bxh3 29. gxh3 Rc4 30. Qe2 Qb7 31. fxe5 dxe5 32. Qxe5 Re7 33. Qg3 Rc5 34. Rxe7 Bxe7 35. Qf3 Kg7 36. Rd3 h6 37. Qe4 Bg5 38. Qd4+ 1-0

[Event "BL2 Sued 1314 (Women)"]
[Site "Germany"]
[Date "2013.12.01"]
[Round "2.1"]
[White "Rieseler, Caroline"]
[Black "Batsiashvili, Nino"]
[Result "0-1"]
[WhiteElo "2086"]
[BlackElo "2412"]
[PlyCount "76"]
[EventDate "2013.11.30"]
[EventType "team-tourn"]
[EventRounds "7"]
[EventCountry "GER"]
[SourceTitle "EXT 2018"]
[Source "ChessBase"]
[SourceDate "2017.10.13"]
[SourceVersion "1"]
[SourceVersionDate "2017.10.13"]
[SourceQuality "1"]
[WhiteTeam "Hofheim (W)"]
[BlackTeam "Schwaebisch Hall (W)"]
[WhiteTeamCountry "GER"]
[BlackTeamCountry "GER"]

1. e4 c6 2. d4 d5 3. exd5 cxd5 4. c4 Nf6 5. Nc3 Nc6 6. Nf3 Be6 7. c5 g6 8. Bb5 Bg7 9. Ne5 Bd7 10. Qa4 Qc8 11. Nxd7 Qxd7 12. 0-0 0-0 13. Rd1 Rac8 14. Be2 Rfd8 15. Bf3 Qf5 16. Qb3 Rc7 17. h3 Rcd7 18. Ne2 e5 19. g4 Qe6 20. g5 Ne4 21. Bg4 f5 22. gxf6 Qxf6 23. Be3 Rf7 24. dxe5 Nxe5 25. Rxd5 Rxd5 26. Qxd5 Nxg4 27. hxg4 Nxf2 28. g5 Nh3+ 29. Kg2 Nxg5 30. Bxg5 Qf2+ 31. Kh1 Qxe2 32. Rg1 Qh5+ 33. Kg2 h6 34. Qd8+ Kh7 35. Bh4 Qf3+ 36. Kh2 Be5+ 37. Bg3 Qh5+ 38. Kg2 Bxg3 0-1

[Event "Eschborn op 10th"]
[Site "Eschborn"]
[Date "2013.09.01"]
[Round "5"]
[White "Diez, Gerhard"]
[Black "Rieseler, Caroline"]
[Result "1-0"]
[WhiteElo "1864"]
[BlackElo "2001"]
[PlyCount "85"]
[EventDate "2013.08.30"]
[EventType "swiss"]
[EventRounds "5"]
[EventCountry "GER"]
[SourceTitle "EXT 2014"]
[Source "ChessBase"]
[SourceDate "2013.11.20"]
[SourceVersion "1"]
[SourceVersionDate "2013.11.20"]
[SourceQuality "1"]

1. e4 c5 2. Nf3 Nc6 3. d4 cxd4 4. Nxd4 Nf6 5. Nc3 e5 6. Ndb5 d6 7. a4 a6 8. Na3 Bg4 9. Be2 Bxe2 10. Qxe2 Nd4 11. Qd3 Ne6 12. 0-0 Be7 13. Nd5 0-0 14. Nxf6+ Bxf6 15. Rd1 Nc5 16. Qe2 Nxa4 17. Nc4 Nc5 18. Be3 Qc7 19. Nxd6 Rfd8 20. Bxc5 Qxc5 21. Rd5 Qb6 22. Nc4 Qe6 23. Rad1 b5 24. Ne3 g6 25. c4 bxc4 26. Nxc4 Kg7 27. h3 h5 28. b3 Rab8 29. Qa2 g5 30. Rd6 Qe7 31. Ne3 Rxd6 32. Rxd6 Kg6 33. Qxa6 Rd8 34. Rxd8 Qxd8 35. Nd5 Kg7 36. Qxf6+ Qxf6 37. Nxf6 Kxf6 38. Kf1 Ke6 39. Ke2 Kd6 40. Kd3 Kc5 41. Kc3 Kb5 42. b4 f6 43. g4 1-0

[Event "Eschborn op 10th"]
[Site "Eschborn"]
[Date "2013.09.01"]
[Round "4"]
[White "Rieseler, Caroline"]
[Black "Juhnke, Peter"]
[Result "1-0"]
[WhiteElo "2001"]
[BlackElo "1733"]
[PlyCount "67"]
[EventDate "2013.08.30"]
[EventType "swiss"]
[EventRounds "5"]
[EventCountry "GER"]
[SourceTitle "EXT 2014"]
[Source "ChessBase"]
[SourceDate "2013.11.20"]
[SourceVersion "1"]
[SourceVersionDate "2013.11.20"]
[SourceQuality "1"]

1. e4 c5 2. Nf3 Nc6 3. d4 cxd4 4. Nxd4 Nf6 5. Nc3 e5 6. Ndb5 d6 7. Nd5 Nxd5 8. exd5 Nb8 9. c4 Be7 10. Be2 0-0 11. 0-0 f5 12. f4 e4 13. Be3 b6 14. b4 a6 15. Nd4 Rf6 16. Qb3 Kh8 17. a3 Bd7 18. Rac1 a5 19. b5 Rf8 20. Nc6 Nxc6 21. bxc6 Bc8 22. Qxb6 Qe8 23. a4 h6 24. Rfd1 g5 25. c5 Rg8 26. Qc7 Bf6 27. Qxd6 Qf7 28. fxg5 hxg5 29. Qxf6+ Qxf6 30. Bd4 Kg7 31. d6 Be6 32. d7 Bb3 33. c7 Bxd1 34. Rxd1 1-0

[Event "BL2 Sued 1213 (Women)"]
[Site "Germany"]
[Date "2012.10.07"]
[Round "2.2"]
[White "Zimmer, Elke"]
[Black "Rieseler, Caroline"]
[Result "0-1"]
[WhiteElo "1933"]
[BlackElo "2080"]
[PlyCount "80"]
[EventDate "2012.10.06"]
[EventType "team-tourn"]
[EventRounds "7"]
[EventCountry "GER"]
[SourceTitle "EXT 2018"]
[Source "ChessBase"]
[SourceDate "2017.10.13"]
[SourceVersion "1"]
[SourceVersionDate "2017.10.13"]
[SourceQuality "1"]
[WhiteTeam "Wadgassen/Differten (W)"]
[BlackTeam "Hofheim (W)"]
[WhiteTeamCountry "GER"]
[BlackTeamCountry "GER"]

1. e4 c5 2. Nc3 Nc6 3. g3 g6 4. Bg2 Bg7 5. d3 e6 6. Be3 d6 7. Qd2 Nd4 8. Nf3 Ne7 9. 0-0 0-0 10. Ne1 Rb8 11. Nd1 Bd7 12. c3 Ndc6 13. Bh6 b5 14. Bxg7 Kxg7 15. Nf3 b4 16. h4 bxc3 17. bxc3 h6 18. Qf4 e5 19. Qd2 Qa5 20. Ne3 Be6 21. g4 Rfd8 22. Nc4 Qa4 23. g5 hxg5 24. Nxg5 Bxc4 25. dxc4 Qxc4 26. Rfe1 f6 27. Bf1 Qg8 28. Nf3 Qe6 29. Kh2 Qg4 30. Bg2 d5 31. Qc2 f5 32. exf5 Nxf5 33. Kg1 e4 34. Nh2 Qxh4 35. Qe2 Ne5 36. Rab1 Rh8 37. Nf1 Qg5 38. Nh2 Rxh2 39. Rb7+ Rxb7 40. Kxh2 Nh4 0-1

[Event "Eschborn op 08th"]
[Site "Eschborn"]
[Date "2011.05.15"]
[Round "4"]
[White "Becker, Ralph"]
[Black "Rieseler, Caroline"]
[Result "1/2-1/2"]
[WhiteElo "1736"]
[BlackElo "2080"]
[PlyCount "64"]
[EventDate "2011.05.13"]
[EventType "swiss"]
[EventRounds "5"]
[EventCountry "GER"]
[SourceTitle "EXT 2014"]
[Source "ChessBase"]
[SourceDate "2013.11.20"]
[SourceVersion "1"]
[SourceVersionDate "2013.11.20"]
[SourceQuality "1"]

1. d4 Nf6 2. Nf3 g6 3. c4 Bg7 4. g3 0-0 5. Bg2 d5 6. cxd5 Nxd5 7. Nc3 Nb6 8. 0-0 Nc6 9. e3 Re8 10. b3 e5 11. dxe5 Nxe5 12. Nxe5 Bxe5 13. Bb2 c6 14. Qe2 Bf5 15. Rfd1 Qe7 16. Rd2 h5 17. h4 Qb4 18. Nd1 a5 19. Bxe5 Rxe5 20. Nb2 Rae8 21. Rad1 Bg4 22. Bf3 Bxf3 23. Qxf3 Rf5 24. Qg2 Qa3 25. Nc4 Nxc4 26. bxc4 Qc5 27. Rd8 Rfe5 28. Qf1 b5 29. cxb5 cxb5 30. Qd3 b4 31. Qd7 Qf8 32. Rxe8 Rxe8 1/2-1/2

[Event "Eschborn op 08th"]
[Site "Eschborn"]
[Date "2011.05.14"]
[Round "2"]
[White "Spirin, Oleg"]
[Black "Rieseler, Caroline"]
[Result "1-0"]
[WhiteElo "2479"]
[BlackElo "2080"]
[PlyCount "119"]
[EventDate "2011.05.13"]
[EventType "swiss"]
[EventRounds "5"]
[EventCountry "GER"]
[SourceTitle "EXT 2014"]
[Source "ChessBase"]
[SourceDate "2013.11.20"]
[SourceVersion "1"]
[SourceVersionDate "2013.11.20"]
[SourceQuality "1"]

1. d4 Nf6 2. Nf3 g6 3. c4 Bg7 4. g3 0-0 5. Bg2 d5 6. cxd5 Nxd5 7. 0-0 Nb6 8. Nc3 Nc6 9. e3 Re8 10. Re1 Bg4 11. h3 Bd7 12. Qe2 e5 13. dxe5 Qc8 14. Kh2 Nxe5 15. e4 Nxf3+ 16. Bxf3 Bc6 17. Bf4 Nd5 18. Nxd5 Bxd5 19. Rac1 c6 20. Qc2 Be6 21. Bg2 Qd8 22. b3 Qa5 23. Bd2 Qa3 24. Be3 a5 25. Bc5 Qb2 26. Qxb2 Bxb2 27. Rc2 Bg7 28. Rb1 Red8 29. f4 Rd7 30. g4 f5 31. exf5 gxf5 32. Re1 Bd5 33. Rce2 a4 34. Rd1 axb3 35. axb3 Bf8 36. Bxf8 Kxf8 37. Bxd5 cxd5 38. Re5 fxg4 39. hxg4 d4 40. Rd3 Rc8 41. Kg3 Rc3 42. Rxc3 dxc3 43. Rc5 Rd3+ 44. Kh4 b6 45. Rc7 Ke8 46. b4 Kd8 47. Rc6 Kd7 48. b5 Rd5 49. Rxc3 Rxb5 50. f5 Rb1 51. Kg5 b5 52. Rh3 b4 53. Rxh7+ Kc6 54. Rh8 b3 55. Rb8 Kc7 56. Rb4 b2 57. Kf6 Kd7 58. g5 Kd6 59. g6 Kc5 60. Rb8 1-0

[Event "Oberliga Ost-B 1011"]
[Site "Germany"]
[Date "2011.04.10"]
[Round "11.7"]
[White "Rieseler, Caroline"]
[Black "Schaefer, Michael"]
[Result "1/2-1/2"]
[WhiteElo "2058"]
[BlackElo "2215"]
[PlyCount "102"]
[EventDate "2010.10.24"]
[EventType "team-tourn"]
[EventRounds "11"]
[EventCountry "GER"]
[SourceTitle "EXT 2012"]
[Source "ChessBase"]
[SourceDate "2011.11.24"]
[SourceVersion "1"]
[SourceVersionDate "2011.11.24"]
[SourceQuality "1"]
[WhiteTeam "Steinbach"]
[BlackTeam "Moerlenbach"]
[WhiteTeamCountry "GER"]
[BlackTeamCountry "GER"]

1. e4 c5 2. Nf3 Nc6 3. d4 cxd4 4. Nxd4 Nf6 5. Nc3 d6 6. Bg5 e6 7. Qd2 a6 8. 0-0-0 Bd7 9. f3 Be7 10. Nb3 b5 11. Kb1 b4 12. Bxf6 gxf6 13. Ne2 a5 14. Ned4 Nxd4 15. Nxd4 Qb6 16. f4 Rc8 17. h4 Rg8 18. Rh3 a4 19. Rf3 Rc5 20. g3 Kf8 21. e5 fxe5 22. fxe5 Rxe5 23. Qf2 Qc5 24. Rxf7+ Ke8 25. Rf4 a3 26. Ne2 Qxf2 27. Rxf2 Bb5 28. Nd4 Bxf1 29. Rdxf1 Rf8 30. Rxf8+ Bxf8 31. c3 bxc3 32. bxc3 Re3 33. Rf3 Re1+ 34. Kc2 d5 35. Kd2 Ra1 36. Nxe6 Rxa2+ 37. Kd3 Bd6 38. Nf4 Rb2 39. Rf1 Rh2 40. Nxd5 Bxg3 41. Ra1 Bd6 42. Nb4 Rxh4 43. Rxa3 Bxb4 44. Ra8+ Kf7 45. cxb4 Rxb4 46. Ke3 Rg4 47. Kf3 Rg5 48. Ra2 Kf6 49. Rg2 h6 50. Kf2 Kf5 51. Kg1 Kf4 1/2-1/2

[Event "Oberliga Ost-B 1011"]
[Site "Germany"]
[Date "2011.04.09"]
[Round "10.6"]
[White "Rieseler, Caroline"]
[Black "Traudes, Wolfgang"]
[Result "1/2-1/2"]
[WhiteElo "2058"]
[BlackElo "2217"]
[PlyCount "132"]
[EventDate "2010.10.24"]
[EventType "team-tourn"]
[EventRounds "11"]
[EventCountry "GER"]
[SourceTitle "EXT 2012"]
[Source "ChessBase"]
[SourceDate "2011.11.24"]
[SourceVersion "1"]
[SourceVersionDate "2011.11.24"]
[SourceQuality "1"]
[WhiteTeam "Steinbach"]
[BlackTeam "Wiesbaden"]
[WhiteTeamCountry "GER"]
[BlackTeamCountry "GER"]

1. e4 Nc6 2. Nf3 Nf6 3. e5 Nd5 4. d4 d6 5. c4 Nb6 6. exd6 exd6 7. Be2 Bg4 8. b3 Be7 9. Nc3 Bf6 10. Be3 d5 11. c5 Nc8 12. h3 Be6 13. 0-0 0-0 14. Qd2 g6 15. Rad1 Bg7 16. Bh6 N8e7 17. Rfe1 Nf5 18. Bxg7 Kxg7 19. Qf4 h6 20. Bf1 g5 21. Qh2 Rc8 22. Bb5 Nce7 23. g4 Nh4 24. Nxh4 gxh4 25. Qe5+ Kh7 26. Bd3+ Ng6 27. Qh5 Qf6 28. Nxd5 Bxd5 29. Qxd5 Kg7 30. Bxg6 fxg6 31. Qe5 c6 32. d5 cxd5 33. Rxd5 Qxe5 34. Rexe5 Rc7 35. Re6 Rf6 36. Rxf6 Kxf6 37. f4 Rc6 38. Kf2 b6 39. cxb6 axb6 40. Ke3 Ke6 41. Ke4 Rc3 42. Rd3 Rc2 43. f5+ gxf5+ 44. gxf5+ Kf6 45. Rd6+ Kg7 46. Rg6+ Kh7 47. Rxb6 Rxa2 48. Rb7+ Kg8 49. Rd7 Rb2 50. Rd3 Kf7 51. Kf4 Kf6 52. Rd6+ Kg7 53. Rb6 Rd2 54. b4 Rd4+ 55. Kf3 Kf7 56. b5 Rb4 57. Rxh6 Rxb5 58. Kg4 Kg7 59. Rxh4 Rb4+ 60. Kg5 Rb3 61. f6+ Kg8 62. Kg6 Rg3+ 63. Kf5 Rf3+ 64. Kg5 Rg3+ 65. Kf4 Ra3 66. Kf5 Rf3+ 1/2-1/2